|
|
|
|
| LEADER |
00000nam0a2200000 4500 |
| 001 |
316577 |
| 005 |
20231101015418.0 |
| 035 |
|
|
|a (RuTPU)RU\TPU\book\342028
|
| 035 |
|
|
|a RU\TPU\book\78340
|
| 090 |
|
|
|a 316577
|
| 100 |
|
|
|a 20160324d1972 m y0rusy50 ca
|
| 101 |
0 |
|
|a rus
|
| 102 |
|
|
|a RU
|
| 105 |
|
|
|a a j 001zy
|
| 200 |
0 |
|
|a Ч. 1 : Машины для земляных работ. Теория и расчет
|
| 210 |
|
|
|d 1972
|
| 215 |
|
|
|a 504 с.
|c черт.
|
| 320 |
|
|
|a Библиогр.: с. 499-500
|
| 461 |
|
|
|t Дорожные машины
|o учебник для вузов
|v Ч. 1 : Машины для земляных работ. Теория и расчет
|f Т. В. Алексеева [и др.]
|e 3-е изд., перераб. и доп.
|d 1972
|
| 610 |
1 |
|
|a земляные работы
|
| 610 |
1 |
|
|a механизация
|
| 610 |
1 |
|
|a землеройные машины
|
| 610 |
1 |
|
|a бульдозеры
|
| 610 |
1 |
|
|a рыхлители
|
| 610 |
1 |
|
|a скреперы
|
| 610 |
1 |
|
|a грейдеры
|
| 610 |
1 |
|
|a экскаваторы
|
| 610 |
1 |
|
|a уплотнение грунта
|
| 610 |
1 |
|
|a катки
|
| 610 |
1 |
|
|a трамбующие машины
|
| 610 |
1 |
|
|a вибрационные машины
|
| 610 |
1 |
|
|a учебные пособия
|
| 675 |
|
|
|a 624.132(075.8)
|v 4
|
| 801 |
|
1 |
|a RU
|b 63413507
|c 20050216
|g PSBO
|
| 801 |
|
2 |
|a RU
|b 63413507
|c 20201019
|g PSBO
|
| 942 |
|
|
|c BK
|